[Event "13. Lichtenberger Sommer"]
[Site "?"]
[Date "2014.08.19"]
[Round "4.69"]
[White "Mueller, Joerg"]
[Black "Peter, Volkhard"]
[Result "1/2-1/2"]
[WhiteElo "1850"]
[BlackElo "1815"]
[PlyCount "76"]
[EventDate "2014.??.??"]
[WhiteTeam "vereinslos"]
[BlackTeam "Schachclub Oranienburg e.V."]

1. e4 e5 2. Nf3 Nc6 3. Nc3 Nf6 4. Bc4 Be7 5. O-O O-O 6. d4 exd4 7. Nxd4 Na5 8.
Be2 d6 9. a3 c5 10. Nf3 Nc6 11. Nd5 Nxe4 12. Re1 Be6 13. Bc4 Bxd5 14. Bxd5 Nf6
15. Bxc6 bxc6 16. c4 d5 17. Qe2 Re8 18. Qc2 Ne4 19. Nd2 Bf6 20. Nxe4 dxe4 21.
Be3 Qe7 22. Rab1 Bd4 23. b3 Rad8 24. Re2 f5 25. Rf1 Be5 26. f4 exf3 27. Rxf3 g6
28. g3 Bd4 29. Kf2 Qe4 30. Bxd4 Qxd4+ 31. Kg2 Rxe2+ 32. Qxe2 Qd2 33. Kf2 Kf7
34. Re3 Qd4 35. Kg2 Qd2 36. Re7+ Kf6 37. Re6+ Kg7 38. Kf2 Qd4+ 1/2-1/2

[Event "13. Lichtenberger Sommer"]
[Site "?"]
[Date "2014.08.19"]
[Round "4.70"]
[White "Dathe, Frederick"]
[Black "Stein, Siegfried"]
[Result "1/2-1/2"]
[WhiteElo "1594"]
[BlackElo "1819"]
[PlyCount "98"]
[EventDate "2014.??.??"]
[WhiteTeam "Schachunion Berlin e.V."]
[BlackTeam "SV Berolina Mitte e.V."]

1. d4 d5 2. c4 e6 3. Nc3 Nf6 4. Bg5 Be7 5. Nf3 Nbd7 6. e3 a6 7. a4 b6 8. Be2
dxc4 9. Bxc4 Bb7 10. O-O O-O 11. Rc1 Rc8 12. Qe2 a5 13. Rfd1 Ne4 14. Nxe4 Bxe4
15. Bxe7 Qxe7 16. Ba6 Rcd8 17. Rxc7 Qd6 18. Rc3 Nf6 19. Bd3 Rc8 20. Rdc1 Rxc3
21. Rxc3 Qb4 22. Bxe4 Nxe4 23. Rc4 Qb3 24. Qc2 Qxc2 25. Rxc2 Rb8 26. Ne5 f6 27.
Nd3 Rb7 28. f3 Nd6 29. Rc6 Nf5 30. Rxe6 Kf7 31. d5 g5 32. Kf2 h5 33. Rc6 Ne7
34. Rd6 Nf5 35. Rd8 h4 36. e4 Nd4 37. f4 gxf4 38. Nxf4 b5 39. Rh8 Kg7 40. Rxh4
bxa4 41. Nd3 Rb3 42. Ke3 Nc2+ 43. Kd2 Nb4 44. Nxb4 axb4 45. Kc2 Re3 46. Rg4+
Kf7 47. Kd2 Rb3 48. Kc2 Re3 49. Kd2 Rb3 1/2-1/2

[Event "13. Lichtenberger Sommer"]
[Site "?"]
[Date "2014.08.19"]
[Round "4.71"]
[White "Schilling, Hans"]
[Black "König, Dennis"]
[Result "1-0"]
[WhiteElo "1846"]
[BlackElo "1620"]
[PlyCount "41"]
[EventDate "2014.??.??"]
[WhiteTeam "Sfr.Nord-Ost Berlin"]
[BlackTeam "SV Königsjäger Süd-West e.V."]

1. c4 Nf6 2. g3 e6 3. Bg2 d5 4. b3 c6 5. Bb2 Nbd7 6. Nf3 Bd6 7. O-O dxc4 8.
bxc4 e5 9. Nc3 O-O 10. Qc2 Re8 11. d3 Nf8 12. Rab1 Qc7 13. Rfc1 Ng6 14. Ng5 Bf5
15. Nce4 Bxe4 16. Nxe4 Be7 17. Qb3 Rab8 18. Qa4 a6 19. Bc3 b5 20. Qxa6 Kh8 21.
Nxf6 1-0

[Event "13. Lichtenberger Sommer"]
[Site "?"]
[Date "2014.08.19"]
[Round "4.72"]
[White "Born, Jonathan"]
[Black "Lischeid, Kilian"]
[Result "1-0"]
[WhiteElo "1706"]
[BlackElo "1642"]
[PlyCount "42"]
[EventDate "2014.??.??"]
[WhiteTeam "SV Königsjäger Süd-West e.V."]
[BlackTeam "Schachunion Berlin e.V."]

1. e4 c5 2. Nf3 Nc6 3. d4 cxd4 4. Nxd4 g6 5. Nc3 Bg7 6. Be3 d6 7. f3 Nf6 8. Bc4
O-O 9. Qd2 Bd7 10. O-O-O a6 11. g4 Rc8 12. Bb3 Na5 13. h4 Nxb3+ 14. Nxb3 b5 15.
h5 b4 16. Ne2 a5 17. hxg6 hxg6 18. Bh6 Ne8 19. Bxg7 Nxg7 20. Qh6 f5 21. gxf5
Kf7 1-0

[Event "13. Lichtenberger Sommer"]
[Site "?"]
[Date "2014.08.19"]
[Round "4.73"]
[White "Fuchs, Linda"]
[Black "Kapp, Frank"]
[Result "0-1"]
[WhiteElo "1596"]
[BlackElo "1910"]
[PlyCount "84"]
[EventDate "2014.??.??"]
[WhiteTeam "SC Untergrombach 46"]
[BlackTeam "TSV IFA Chemnitz"]

1. e4 e6 2. d4 d5 3. e5 c5 4. c3 Qb6 5. Nf3 Bd7 6. g3 Nh6 7. a3 Bb5 8. Bh3 Nf5
9. b4 cxd4 10. Bxf5 exf5 11. Nxd4 Bd7 12. O-O Nc6 13. Re1 Nxd4 14. cxd4 Be7 15.
Be3 Rc8 16. Qd3 O-O 17. Nd2 Qb5 18. Qb3 Rc7 19. Rac1 Rfc8 20. Rxc7 Rxc7 21. Nb1
Rc4 22. Nc3 Qc6 23. Rc1 b5 24. Qb2 h6 25. Ne2 g5 26. Qd2 Qa6 27. Rxc4 bxc4 28.
Qc3 Qa4 29. Nc1 a5 30. Bd2 axb4 31. axb4 Qd1+ 32. Kg2 Ba4 33. Qa3 Qxd2 34. Qxa4
Qxc1 35. Qe8+ Bf8 36. e6 fxe6 37. Qg6+ Kh8 38. Qf6+ Bg7 39. Qxe6 Qc2 40. Kf1
Qb1+ 41. Kg2 Qe4+ 42. Qxe4 fxe4 0-1

[Event "13. Lichtenberger Sommer"]
[Site "?"]
[Date "2014.08.19"]
[Round "4.74"]
[White "Getzuhn, Detlef"]
[Black "Weiß, Daniel"]
[Result "0-1"]
[WhiteElo "1896"]
[BlackElo "1741"]
[PlyCount "110"]
[EventDate "2014.??.??"]
[WhiteTeam "SV Senat"]
[BlackTeam "Sfr.Nord-Ost Berlin"]

1. e4 c6 2. d4 d5 3. Nc3 dxe4 4. Nxe4 Bf5 5. Ng3 Bg6 6. Nf3 Nd7 7. Bd3 Bxd3 8.
Qxd3 Ngf6 9. O-O Qc7 10. Ne2 e6 11. Bf4 Bd6 12. Bxd6 Qxd6 13. Qb3 O-O 14. Rad1
b5 15. Rfe1 a5 16. c3 Nd5 17. Ng3 N5f6 18. Ne5 Qd5 19. Qxd5 cxd5 20. f4 Nxe5
21. fxe5 Nd7 22. Rd3 Nb6 23. Nh5 Nd7 24. Rg3 g6 25. h4 Kh8 26. Nf4 Rab8 27. h5
Rb6 28. Kh2 b4 29. Rh1 bxc3 30. bxc3 Rg8 31. hxg6 fxg6 32. Rg5 Rf8 33. Kg3 Kg7
34. Rg4 Rf5 35. Nh5+ Kg8 36. Nf4 Nf8 37. Nd3 Kg7 38. Rf4 g5 39. Rff1 Rb7 40.
Rb1 Rff7 41. Nc5 Ra7 42. a4 Kg6 43. Rb6 Rae7 44. Rhb1 h5 45. Rd6 Rf4 46. Rb8
h4+ 47. Kh2 Kh5 48. Rb1 Rf2 49. Kg1 Rc2 50. Rf1 Ng6 51. Nxe6 Rxc3 52. Nc5 Nxe5
53. Rxd5 Ng4 54. Nd7 Rg3 55. Rd6 Re2 0-1

[Event "13. Lichtenberger Sommer"]
[Site "?"]
[Date "2014.08.19"]
[Round "4.75"]
[White "Windolf, Mario"]
[Black "Krawatzki, Armin"]
[Result "1-0"]
[WhiteElo "1772"]
[BlackElo "1689"]
[PlyCount "94"]
[EventDate "2014.??.??"]
[WhiteTeam "1. Schachclub Anhalt"]
[BlackTeam "SVG Läufer Reinickendorf e.V."]

1. Nf3 b6 2. g3 Bb7 3. Bg2 Nf6 4. O-O e6 5. d3 Be7 6. e4 d6 7. Re1 O-O 8. Nbd2
Nbd7 9. b3 c5 10. Bb2 Qc7 11. Qe2 Rfe8 12. a4 a6 13. h3 b5 14. Nh2 e5 15. Ndf3
Nf8 16. Nh4 Ne6 17. c4 b4 18. Nf5 Bf8 19. Ng4 Nxg4 20. hxg4 Qd7 21. Rf1 g6 22.
Ne3 Bg7 23. Nc2 Nd4 24. Nxd4 exd4 25. Qd1 Bc8 26. g5 Qg4 27. Qxg4 Bxg4 28. f3
Be6 29. Rae1 Ra7 30. Bc1 Rf8 31. Rf2 f6 32. gxf6 Bxf6 33. Kh2 Bg7 34. Bh3 Bxh3
35. Kxh3 Raf7 36. Ref1 h6 37. f4 Kh7 38. Kg2 a5 39. g4 g5 40. fxg5 Rxf2+ 41.
Rxf2 Rxf2+ 42. Kxf2 Be5 43. gxh6 Kg6 44. Kf3 Bh2 45. Bf4 Bxf4 46. Kxf4 Kxh6 47.
Kf5 Kg7 1-0

[Event "13. Lichtenberger Sommer"]
[Site "?"]
[Date "2014.08.19"]
[Round "4.76"]
[White "Küchler, Felix"]
[Black "Glase, Johan"]
[Result "1-0"]
[WhiteElo "1735"]
[BlackElo "1689"]
[PlyCount "83"]
[EventDate "2014.??.??"]
[WhiteTeam "Schachunion Berlin e.V."]
[BlackTeam "Schachunion Berlin e.V."]

1. e4 c5 2. Nc3 Nc6 3. f4 g6 4. Nf3 Bg7 5. Bc4 e6 6. O-O Nge7 7. d3 O-O 8. f5
exf5 9. exf5 Nxf5 10. Ng5 d6 11. Nxf7 Qe7 12. Nxd6+ Kh8 13. Nxf5 Bxf5 14. Kh1
Bg4 15. Qe1 Rxf1+ 16. Qxf1 Rf8 17. Bf4 g5 18. Nd5 Qf7 19. Qg1 Bd4 20. Be3 Bxe3
21. Nxe3 Qd7 22. Nxg4 Qxg4 23. Qxc5 Qf4 24. Rg1 Nd4 25. Qe7 g4 26. Qe4 Qxe4 27.
dxe4 Nxc2 28. Rf1 Rxf1+ 29. Bxf1 Kg7 30. Kg1 Kf6 31. a3 Ke5 32. Bd3 Ne3 33. b4
Kd4 34. Bb1 Nc4 35. a4 Ke3 36. e5 Nxe5 37. Bxh7 Kd4 38. Kf2 Kc4 39. b5 Kd4 40.
Kg3 Ke3 41. Bf5 Kd4 42. Bxg4 1-0

[Event "13. Lichtenberger Sommer"]
[Site "?"]
[Date "2014.08.19"]
[Round "4.77"]
[White "Dinslage, Klaus-Dieter"]
[Black "Bergmann, Jens"]
[Result "1/2-1/2"]
[WhiteElo "1721"]
[BlackElo "1896"]
[PlyCount "43"]
[EventDate "2014.??.??"]
[WhiteTeam "Bahn-Schachclub Wuppertal"]
[BlackTeam "SK Tempelhof 1931 e.V."]

1. e4 b6 2. d4 Bb7 3. Nc3 e6 4. Bd3 Bb4 5. Bd2 Nf6 6. Nge2 c5 7. dxc5 bxc5 8.
a3 Ba5 9. O-O a6 10. Rb1 Nc6 11. Na4 Bxd2 12. Nxc5 Bh6 13. Nxb7 Qc7 14. Nc5 Qe5
15. b4 d6 16. Nxa6 O-O 17. b5 Nd4 18. f4 Nxe2+ 19. Qxe2 Bxf4 20. g3 Qd4+ 21.
Kh1 Be5 22. b6 1/2-1/2

[Event "13. Lichtenberger Sommer"]
[Site "?"]
[Date "2014.08.19"]
[Round "4.78"]
[White "Pöcheim, Stephan"]
[Black "Schmalzried, Volker"]
[Result "0-1"]
[WhiteElo "1530"]
[BlackElo "1875"]
[PlyCount "60"]
[EventDate "2014.??.??"]
[WhiteTeam "Sfrd. Berlin 1903 e.V."]

1. d4 g6 2. Bf4 Bg7 3. e3 Nf6 4. Nf3 c5 5. c3 cxd4 6. cxd4 O-O 7. Nc3 Nc6 8.
Be2 Nh5 9. Bg3 d5 10. Qb3 Nxg3 11. hxg3 e6 12. Bd3 e5 13. dxe5 Nxe5 14. Nxe5
Bxe5 15. Nxd5 Bxb2 16. Rd1 Be6 17. e4 Be5 18. Bc4 Rc8 19. Ke2 b6 20. Ne3 Bxc4+
21. Nxc4 Qc7 22. Nxe5 Qxe5 23. Qd5 Rc2+ 24. Rd2 Rxd2+ 25. Kxd2 Qf6 26. Ke3 Rd8
27. Qc4 Qg5+ 28. Kf3 Qd2 29. Qe2 Rd3+ 30. Qxd3 Qxd3+ 0-1

[Event "13. Lichtenberger Sommer"]
[Site "?"]
[Date "2014.08.19"]
[Round "4.79"]
[White "Guasti, Duccio"]
[Black "Hommel, Niclas"]
[Result "0-1"]
[WhiteElo "1754"]
[BlackElo "1575"]
[PlyCount "46"]
[EventDate "2014.??.??"]
[WhiteTeam "BSC Rehberge 1945 e.V."]
[BlackTeam "Schachunion Berlin e.V."]

1. e4 e5 2. f4 exf4 3. Bc4 Be7 4. d4 Nf6 5. Nc3 Nxe4 6. Qh5 Nd6 7. Bb3 O-O 8.
Bxf4 c6 9. Nf3 Ne8 10. d5 Nf6 11. Qh3 d6 12. Qg3 Nh5 13. Qf2 Nxf4 14. dxc6 Nxc6
15. O-O-O Bg5 16. Kb1 Bf6 17. Ne4 Be7 18. h3 Be6 19. Ba4 Qa5 20. Nc3 a6 21. Nd4
Nxd4 22. Rxd4 Ng6 23. b4 Qc7 0-1

[Event "13. Lichtenberger Sommer"]
[Site "?"]
[Date "2014.08.19"]
[Round "4.80"]
[White "Koerber, Bernhard"]
[Black "Wimmer, Thomas"]
[Result "0-1"]
[WhiteElo "1640"]
[BlackElo "1881"]
[PlyCount "26"]
[EventDate "2014.??.??"]
[WhiteTeam "SG Lasker Steglitz-Wilmersdorf"]
[BlackTeam "SK Marburg 1931/72"]

1. e4 c5 2. Nc3 Nc6 3. f4 d6 4. Nf3 g6 5. Bb5 Bd7 6. Bc4 e6 7. O-O a6 8. d4 b5
9. Be2 b4 10. Na4 Nxd4 11. b3 Bg7 12. Rb1 Nxe2+ 13. Qxe2 Bb5 0-1

[Event "13. Lichtenberger Sommer"]
[Site "?"]
[Date "2014.08.19"]
[Round "4.81"]
[White "Pöltelt, Helmut"]
[Black "Müller, Johannes"]
[Result "1-0"]
[WhiteElo "1745"]
[BlackElo "1845"]
[PlyCount "109"]
[EventDate "2014.??.??"]
[WhiteTeam "SC Eintracht Berlin e.V."]
[BlackTeam "SC Eintracht Berlin e.V."]

1. c4 e6 2. Nc3 d5 3. cxd5 exd5 4. d4 f5 5. e3 Nf6 6. Bb5+ c6 7. Bd3 Bd6 8. Qc2
Ne4 9. Nf3 O-O 10. Bd2 Nd7 11. g3 Ndf6 12. Qb3 Ng4 13. O-O g5 14. Nxe4 fxe4 15.
Bxe4 Qf6 16. Bxd5+ cxd5 17. Qxd5+ Kh8 18. Nxg5 Nxf2 19. Ne4 Nh3+ 20. Kg2 Qe6
21. Qxe6 Bxe6 22. Nxd6 Ng5 23. Rxf8+ Rxf8 24. e4 Bh3+ 25. Kh1 Nf3 26. Bf4 Kg8
27. d5 h5 28. Rc1 Kg7 29. Rc3 Ne1 30. Kg1 Kg6 31. Kf2 Ng2 32. Kf3 b6 33. e5 h4
34. Rc6 Kh5 35. Nf7 Ne1+ 36. Ke2 Rxf7 37. Kxe1 hxg3 38. hxg3 Bg2 39. Rh6+ Kg4
40. d6 Bc6 41. e6 Rg7 42. e7 Rg8 43. Kf2 Kf5 44. Ke3 Bd7 45. b4 Rc8 46. Kd4 b5
47. Rh5+ Ke6 48. Rc5 Ra8 49. Rc7 a5 50. a3 axb4 51. axb4 Be8 52. Kc5 Rb8 53. d7
Kxe7 54. dxe8=Q+ Kxe8 55. Re7+ 1-0

[Event "13. Lichtenberger Sommer"]
[Site "?"]
[Date "2014.08.19"]
[Round "4.82"]
[White "Lange, Cecilia"]
[Black "Huebner, Alan-Ari"]
[Result "0-1"]
[WhiteElo "1553"]
[BlackElo "1785"]
[PlyCount "92"]
[EventDate "2014.??.??"]
[WhiteTeam "TSG Oberschöneweide e.V."]
[BlackTeam "vereinslos"]

1. e4 c5 2. Nf3 d6 3. d4 cxd4 4. Nxd4 Nf6 5. Nc3 a6 6. Bc4 e6 7. Bb3 Be7 8. f4
Qc7 9. Be3 b5 10. a3 Bb7 11. Qd3 Nbd7 12. Nf3 O-O 13. O-O Nc5 14. Bxc5 dxc5 15.
Qe2 b4 16. axb4 cxb4 17. e5 bxc3 18. exf6 Bxf6 19. bxc3 Bxc3 20. Ra4 a5 21. Rc4
Qb6+ 22. Kh1 Ba6 23. Qe4 Bxc4 24. Qxc4 Rfc8 25. Qa4 Qc6 26. Qxc6 Rxc6 27. Rd1
Bf6 28. f5 exf5 29. Rd7 Rf8 30. Ra7 Rc5 31. Kg1 g5 32. Kf1 h6 33. Nd2 Bc3 34.
Nc4 Rd5 35. Ne3 Re5 36. Nc4 Re1+ 37. Kf2 Rfe8 38. Rd7 R8e7 39. Rd5 Ra1 40. Nb6
g4 41. g3 Be1+ 42. Kf1 Bxg3+ 43. Kg2 Bc7 44. Rd2 Bxb6 45. h3 Rg1+ 46. Kh2 g3#
0-1

[Event "13. Lichtenberger Sommer"]
[Site "?"]
[Date "2014.08.19"]
[Round "4.83"]
[White "Radloff, Rainer"]
[Black "Westphal, Julian"]
[Result "0-1"]
[WhiteElo "1706"]
[BlackElo "1734"]
[PlyCount "28"]
[EventDate "2014.??.??"]
[WhiteTeam "SC Weisse Dame e.V."]
[BlackTeam "TSG Oberschöneweide e.V."]

1. Nf3 d5 2. d4 Nf6 3. c4 c6 4. e3 e6 5. cxd5 exd5 6. Bd3 Bd6 7. O-O O-O 8. b3
Qe7 9. Bb2 Bg4 10. Nbd2 Ne4 11. Be2 Nd7 12. Re1 Rae8 13. h3 Nxf2 14. Kxf2 Qxe3+
0-1

[Event "13. Lichtenberger Sommer"]
[Site "?"]
[Date "2014.08.19"]
[Round "4.84"]
[White "Lübke, Thomas"]
[Black "Becker, Uwe"]
[Result "1/2-1/2"]
[WhiteElo "1936"]
[BlackElo "1743"]
[PlyCount "21"]
[EventDate "2014.??.??"]
[WhiteTeam "FVS ASP Hoyerswerda"]
[BlackTeam "SV Glück auf Rüdersdorf e.V."]

1. e4 d6 2. d4 Nf6 3. Nc3 g6 4. Nf3 Bg4 5. Be2 Bg7 6. O-O O-O 7. Be3 Nbd7 8. h3
Bxf3 9. Bxf3 c6 10. a4 e5 11. dxe5 1/2-1/2

[Event "13. Lichtenberger Sommer"]
[Site "?"]
[Date "2014.08.19"]
[Round "4.85"]
[White "Bui, Bao Anh Le"]
[Black "Kornath, Heinrich"]
[Result "0-1"]
[WhiteElo "1576"]
[BlackElo "1848"]
[PlyCount "114"]
[EventDate "2014.??.??"]
[WhiteTeam "SV Mattnetz Berlin e.V."]
[BlackTeam "SG Eckturm"]

1. e4 c5 2. Nf3 Nc6 3. d4 cxd4 4. Nxd4 g6 5. Nc3 Bg7 6. Be3 Nf6 7. f3 O-O 8.
Qd2 Qa5 9. O-O-O a6 10. Bc4 b5 11. Bb3 Bb7 12. g4 h5 13. gxh5 Nxh5 14. Nd5
Qxd2+ 15. Rxd2 e6 16. Nxc6 Bxc6 17. Ne7+ Kh7 18. Nxc6 dxc6 19. Rhd1 Be5 20. Kb1
a5 21. a3 a4 22. Ba2 Rac8 23. Bc5 Rfe8 24. c4 Kg8 25. cxb5 cxb5 26. Bd6 Bxd6
27. Rxd6 Rc5 28. Rc1 Rec8 29. Rdd1 Nf4 30. Rxc5 Rxc5 31. Rc1 Rh5 32. Rc2 Rh3
33. Rc5 Rxf3 34. Rxb5 Rf1+ 35. Kc2 Rf2+ 36. Kc3 Rxh2 37. Bc4 Rh4 38. Kb4 Ng2
39. Rg5 Ne3 40. Bd3 Kg7 41. Rg3 Nf5 42. Rf3 Nd4 43. Re3 f5 44. Kc5 f4 45. Re1
e5 46. Kd5 Kf6 47. Rc1 Rh7 48. Rc5 Rb7 49. Ra5 Rd7+ 50. Kc4 f3 51. Rc5 Ne2 52.
Rd5 Ke6 53. Rxd7 Kxd7 54. Kb4 Ng3 55. Kxa4 f2 56. b4 f1=Q 57. Bxf1 Nxf1 0-1

[Event "13. Lichtenberger Sommer"]
[Site "?"]
[Date "2014.08.19"]
[Round "4.86"]
[White "Rau, Joshua"]
[Black "Bandsom, Olaf"]
[Result "0-1"]
[WhiteElo "1624"]
[BlackElo "1812"]
[PlyCount "124"]
[EventDate "2014.??.??"]
[WhiteTeam "Schachunion Berlin e.V."]
[BlackTeam "SC Friesen Lichtenberg e.V."]

1. d4 Nf6 2. c4 d5 3. cxd5 Nxd5 4. e4 Nb6 5. Nf3 Bg4 6. Be3 g6 7. h3 Bxf3 8.
Qxf3 Bg7 9. Qd1 O-O 10. Qd2 Nc6 11. d5 Ne5 12. Bd4 Nec4 13. Bxc4 Nxc4 14. Qc3
e5 15. Bc5 Nd6 16. Qb4 b6 17. Bxd6 cxd6 18. Na3 Rc8 19. Nb5 Rc5 20. Nxa7 Qc7
21. Nc6 f5 22. O-O fxe4 23. Rac1 e3 24. fxe3 Rxc1 25. Rxc1 Bh6 26. Re1 Qf7 27.
Qd2 Kh8 28. Nb4 Bg5 29. Qe2 Kg7 30. e4 Qa7 31. Rf1 b5+ 32. Kh1 Rxf1+ 33. Qxf1
Qd4 34. Nd3 Qxe4 35. Qf3 Qc4 36. b3 Qd4 37. Nf2 Be3 38. Nd1 Bc1 39. Nf2 Qd2 40.
Qd1 Qxd1+ 41. Nxd1 e4 42. Nc3 e3 43. Kg1 b4 44. Ne2 Bd2 45. Kf1 Kf6 46. Nd4 Bc3
47. Nc2 Bd2 48. Ke2 Ke5 49. Nxe3 Bxe3 50. Kxe3 Kxd5 51. Kd3 g5 52. g3 h5 53.
Ke3 Ke5 54. Kd3 d5 55. Ke3 d4+ 56. Kd3 Kd5 57. Ke2 Ke4 58. Kd2 Kf3 59. Kd3 Kxg3
60. Kxd4 Kxh3 61. Kc4 g4 62. Kxb4 g3 0-1

[Event "13. Lichtenberger Sommer"]
[Site "?"]
[Date "2014.08.19"]
[Round "4.87"]
[White "Gnaß, Erhard"]
[Black "Lieder, Günter"]
[Result "0-1"]
[WhiteElo "1539"]
[BlackElo "1864"]
[PlyCount "86"]
[EventDate "2014.??.??"]
[WhiteTeam "SK Zehlendorf e.V."]
[BlackTeam "SK Turm Bad Hersfeld"]

1. b3 d5 2. d4 Nf6 3. Bb2 Bf5 4. Nf3 e6 5. e3 Nbd7 6. Be2 c5 7. O-O Rc8 8. c3
Bd6 9. dxc5 Bxc5 10. Nbd2 O-O 11. Nd4 Bg6 12. b4 Be7 13. a4 e5 14. N4f3 Bd6 15.
Qb3 Qc7 16. g3 Bh5 17. Qd1 Rfe8 18. Ne1 Bxe2 19. Qxe2 Nf8 20. Qd1 Qd7 21. Ng2
Qh3 22. Re1 Ng4 23. Nf1 Nf6 24. f3 Rcd8 25. Qc2 Ng6 26. g4 Qxf3 27. Qe2 Qxe2
28. Rxe2 Nxg4 29. h3 Nf6 30. Ng3 Ne7 31. Rd1 e4 32. Nh1 Be5 33. Nf2 Rc8 34. Rc2
Rc4 35. Rb1 Rec8 36. Rbc1 b6 37. Nd1 Nf5 38. Kf1 d4 39. exd4 Bxd4 40. Ba3 Be5
41. a5 Nd5 42. Nge3 Ndxe3+ 43. Nxe3 Nxe3+ 0-1

[Event "13. Lichtenberger Sommer"]
[Site "?"]
[Date "2014.08.19"]
[Round "4.88"]
[White "Fuchs, Gabriele"]
[Black "Tschirschwitz, Stephan"]
[Result "1-0"]
[WhiteElo "1708"]
[BlackElo "1604"]
[PlyCount "83"]
[EventDate "2014.??.??"]
[WhiteTeam "SF Kraichtal"]
[BlackTeam "SG Lasker Steglitz-Wilmersdorf"]

1. e4 c5 2. Nf3 Nc6 3. d4 cxd4 4. Nxd4 a6 5. Nxc6 bxc6 6. c4 e6 7. Nc3 Bc5 8.
Na4 Be7 9. Nc3 Qc7 10. Be3 c5 11. Bd3 Nf6 12. O-O O-O 13. f4 Bb7 14. e5 Qc6 15.
Rf2 Ne8 16. f5 Bh4 17. Rd2 Rd8 18. Qg4 Be7 19. f6 Nxf6 20. exf6 Bxf6 21. Ne4
Bd4 22. Bxd4 cxd4 23. Nf6+ Kh8 24. Nxh7 f5 25. Qh4 Kg8 26. Nxf8 Rxf8 27. Qxd4
Rf6 28. Bf1 d5 29. cxd5 exd5 30. Rad1 Rh6 31. Qxd5+ Qxd5 32. Rxd5 Bxd5 33. Rxd5
f4 34. Rf5 Rb6 35. Bc4+ Kh7 36. b3 Rd6 37. Rxf4 Rd1+ 38. Rf1 Rd6 39. Re1 a5 40.
Kf2 Rf6+ 41. Ke3 g5 42. Rf1 1-0

[Event "13. Lichtenberger Sommer"]
[Site "?"]
[Date "2014.08.19"]
[Round "4.89"]
[White "Korell, Klaus-Peter"]
[Black "Wilke, Hans-Peter"]
[Result "1-0"]
[WhiteElo "1901"]
[BlackElo "1474"]
[PlyCount "149"]
[EventDate "2014.??.??"]
[WhiteTeam "SG TT/Wiheil"]
[BlackTeam "SVG Läufer Reinickendorf e.V."]

1. d4 Nf6 2. Nf3 g6 3. g3 Bg7 4. Bg2 O-O 5. O-O d6 6. c4 e6 7. Nc3 Nbd7 8. e4
a6 9. Rb1 c6 10. Bf4 Ne8 11. Qd2 h5 12. Bh6 f6 13. Bxg7 Kxg7 14. Rbd1 Nb6 15.
b3 Qe7 16. Rfe1 e5 17. Qe3 exd4 18. Nxd4 c5 19. Nde2 Be6 20. Nf4 Bf7 21. Qd3
Rd8 22. a4 g5 23. Nfd5 Nxd5 24. exd5 Qd7 25. Be4 Kh6 26. Bf5 Qc7 27. Ne4 Bg8
28. Qe3 Ng7 29. Bh3 Bh7 30. f4 Bxe4 31. fxg5+ fxg5 32. Qxe4 Rde8 33. Qd3 Rxe1+
34. Rxe1 Qf7 35. Rf1 Qe7 36. Rxf8 Qxf8 37. Qe4 a5 38. Bf1 Qe8 39. Qd3 Qe5 40.
Qf3 Qf5 41. Qe3 Qe5 42. Qxe5 dxe5 43. Bd3 Ne8 44. Kf2 Nd6 45. h3 Kg7 46. Ke3
Kf6 47. Be2 Nf5+ 48. Kf2 h4 49. gxh4 gxh4 50. Bd1 Kg5 51. Kf3 Nd4+ 52. Ke4 Kf6
53. Bg4 Nxb3 54. d6 Nd2+ 55. Kd5 Nb3 56. Bd1 Nd2 57. Bc2 e4 58. Bxe4 Nxe4 59.
Kxe4 Ke6 60. d7 Kxd7 61. Kd5 b6 62. Ke5 Ke7 63. Kf5 Kd6 64. Kg4 Ke5 65. Kxh4
Kd4 66. Kg4 Kxc4 67. h4 Kb3 68. h5 c4 69. h6 Kb2 70. h7 Kb3 71. h8=Q c3 72.
Qg8+ Kxa4 73. Qc4+ Ka3 74. Qxc3+ Ka4 75. Qc4+ 1-0

[Event "13. Lichtenberger Sommer"]
[Site "?"]
[Date "2014.08.19"]
[Round "4.90"]
[White "Eichstädt, Torsten"]
[Black "Stiemerling, Andreas"]
[Result "0-1"]
[WhiteElo "967"]
[BlackElo "1699"]
[PlyCount "82"]
[EventDate "2014.??.??"]
[WhiteTeam "SC Friesen Lichtenberg e.V."]
[BlackTeam "SSV Rotation Berlin e.V."]

1. Nf3 e6 2. g3 d5 3. Bg2 g6 4. c4 Bg7 5. d4 f5 6. Ne5 c6 7. cxd5 exd5 8. O-O
Nd7 9. Nf3 Ngf6 10. Nc3 O-O 11. Qb3 h6 12. Bf4 Nb6 13. Ne5 Kh7 14. Rad1 Qe7 15.
Rfe1 Nh5 16. Bc1 Bxe5 17. dxe5 Qxe5 18. f4 Qf6 19. e3 Re8 20. Ne2 Be6 21. Nd4
Bf7 22. Qd3 Re7 23. b3 Qd6 24. Nc2 Qc7 25. Bb2 Nd7 26. Bf3 Nhf6 27. Qc3 Qb6 28.
g4 Be6 29. gxf5 Bxf5 30. Nd4 Be4 31. h4 Rg8 32. Kh2 Bxf3 33. Nxf3 Ne4 34. Qd3
Nf2 35. Qd2 Nxd1 36. Qxd1 Qd8 37. Kg2 Re4 38. Rh1 Nf6 39. Qg1 Kg7 40. Ng5 Ree8
41. f5 Qd7 0-1

[Event "13. Lichtenberger Sommer"]
[Site "?"]
[Date "2014.08.19"]
[Round "4.91"]
[White "Jacob, Karl"]
[Black "Günther, Boris"]
[Result "1-0"]
[WhiteElo "1697"]
[BlackElo "1538"]
[PlyCount "99"]
[EventDate "2014.??.??"]
[WhiteTeam "Schachfreunde Hettstedt"]
[BlackTeam "SF Friedrichshagen"]

1. Nf3 d5 2. d4 Nf6 3. Bf4 Bf5 4. e3 e6 5. Bd3 Bg6 6. c3 c5 7. Qc2 Nc6 8. Nbd2
Rc8 9. Bxg6 hxg6 10. dxc5 Bxc5 11. Ne5 Nxe5 12. Bxe5 b5 13. Qd3 Qb6 14. Nf3 Ke7
15. Nd4 Rh5 16. Bxf6+ gxf6 17. a3 e5 18. Nb3 e4 19. Qe2 Bd6 20. h3 f5 21. Rd1
f4 22. exf4 Bxf4 23. Qg4 Qc7 24. Nd4 a6 25. Ne2 Bd6 26. f3 Qd7 27. Qxd7+ Kxd7
28. fxe4 dxe4 29. O-O f5 30. Rd5 Ke6 31. Rfd1 Rc6 32. Kf2 Bc5+ 33. Kf1 g5 34.
Ng3 Rh8 35. Rxf5 g4 36. hxg4 Bd6 37. Nxe4 Rh4 38. Rf6+ Ke5 39. Rfxd6 Rxd6 40.
Nxd6 Rxg4 41. Rd2 Rf4+ 42. Ke1 Rg4 43. Nb7 Rg7 44. Nc5 a5 45. Nb3 Ra7 46. g3 b4
47. axb4 axb4 48. cxb4 Ke4 49. Nc5+ Ke3 50. Rd3# 1-0

[Event "13. Lichtenberger Sommer"]
[Site "?"]
[Date "2014.08.19"]
[Round "4.92"]
[White "Krusemark, Gerhard"]
[Black "Zuccolo, Sebastian"]
[Result "0-1"]
[WhiteElo "1755"]
[BlackElo "1434"]
[PlyCount "84"]
[EventDate "2014.??.??"]
[WhiteTeam "TSG Rot-Weiß Fredersdorf/Vogelsd"]
[BlackTeam "ASD San Gregorio Pordenone"]

1. e4 c6 2. d4 d5 3. e5 Bf5 4. Nf3 e6 5. Nc3 c5 6. Ne2 Nc6 7. c3 Qb6 8. Ng3 Bg4
9. Be2 cxd4 10. cxd4 Bxf3 11. gxf3 Qxd4 12. Qxd4 Nxd4 13. Bd1 Bb4+ 14. Kf1 Ne7
15. a3 Ba5 16. Be3 Ndf5 17. Ba4+ Kd8 18. Nxf5 Nxf5 19. Bc5 Ne7 20. Rc1 h6 21.
Be3 a6 22. b4 Bc7 23. f4 b5 24. Bb3 Kd7 25. Ke2 Rhc8 26. Rc2 Bd8 27. Bc5 Nf5
28. f3 Be7 29. Bf2 Rxc2+ 30. Bxc2 Rc8 31. Kd3 Rc4 32. Bb3 Rxf4 33. Ke2 Bh4 34.
Bb6 Bd8 35. Bc5 Bc7 36. a4 Bxe5 37. Rd1 Bd6 38. axb5 axb5 39. Bb6 Rxb4 40. Rd3
Bxh2 41. Bc5 Rh4 42. Kf2 Bg3+ 0-1

[Event "13. Lichtenberger Sommer"]
[Site "?"]
[Date "2014.08.19"]
[Round "4.93"]
[White "Paris, Gerhard"]
[Black "Schmitt, Jens-Ole"]
[Result "1/2-1/2"]
[WhiteElo "1536"]
[BlackElo "1691"]
[PlyCount "110"]
[EventDate "2014.??.??"]
[WhiteTeam "TSG Oberschöneweide e.V."]
[BlackTeam "SG Narva Berlin e.V."]

1. e4 c5 2. Nc3 Nc6 3. g3 g6 4. Bg2 Bg7 5. d3 Nf6 6. Be3 d6 7. Nf3 O-O 8. O-O
Bd7 9. Ne2 Rb8 10. c3 Ng4 11. Bf4 e5 12. Bd2 Qb6 13. h3 Nh6 14. Qc1 f6 15. Bxh6
Bxh6 16. Qxh6 g5 17. Nxg5 fxg5 18. Qxg5+ Kh8 19. Qd2 Rf6 20. g4 Rg8 21. Ng3 Ne7
22. c4 Qd8 23. Nf5 Qf8 24. f4 Rfg6 25. fxe5 dxe5 26. Nd6 Qb8 27. Nf7+ Kg7 28.
Ng5 Kh8 29. Rf7 Rxg5 30. Rxe7 Bxg4 31. hxg4 Rxg4 32. Qh6 Rxg2+ 33. Kh1 R8g7 34.
Rxg7 Rxg7 35. Qf6 Qe8 36. Qh4 Qg6 37. Qh2 Qf6 38. Qh3 Rf7 39. Rg1 Qf3+ 40. Qxf3
Rxf3 41. Rg5 Rxd3 42. Rxe5 Rd1+ 43. Kg2 Rd2+ 44. Kf3 b6 45. Re8+ Kg7 46. Re7+
Kg6 47. Rxa7 Rxb2 48. a4 Rb4 49. Ra6 Kg5 50. Ke3 h5 51. a5 bxa5 52. Rxa5 Rxc4
53. Kd3 Rd4+ 54. Ke3 Rc4 55. Kd3 Rd4+ 1/2-1/2